Nông dược sử dụng và bảo quản

Cuốn sách phục vụ cho nhiều đối tượng, không đi quá sâu, quá chi tiết vào chuyên môn của nông dược mà chỉ nêu những vấn đề chung nhất, cô đọng nhất về những nông dược thông dụng.

Αποθηκεύτηκε σε:
Λεπτομέρειες βιβλιογραφικής εγγραφής
Κύριος συγγραφέας: Nguyễn Xuân Thành
Μορφή: Βιβλίο
Γλώσσα:Undetermined
Έκδοση: Hà Nội Nông nghiệp 1997
Θέματα:
Ετικέτες: Προσθήκη ετικέτας
Δεν υπάρχουν, Καταχωρήστε ετικέτα πρώτοι!
Thư viện lưu trữ: Trung tâm Học liệu Trường Đại học Cần Thơ
LEADER 00814nam a2200181Ia 4500
001 CTU_16550
008 210402s9999 xx 000 0 und d
082 |a 632.95 
082 |b Th107 
100 |a Nguyễn Xuân Thành 
245 0 |a Nông dược sử dụng và bảo quản 
245 0 |c Nguyễn Xuân Thành 
260 |a Hà Nội 
260 |b Nông nghiệp 
260 |c 1997 
520 |a Cuốn sách phục vụ cho nhiều đối tượng, không đi quá sâu, quá chi tiết vào chuyên môn của nông dược mà chỉ nêu những vấn đề chung nhất, cô đọng nhất về những nông dược thông dụng. 
650 |a agricultural chemicals,herbicides 
980 |a Trung tâm Học liệu Trường Đại học Cần Thơ